Personnalités nées en Haute-Corse par images - Statistiques

Statistiques générales
  • Ce quiz a été pris 106 fois
  • Le résultat moyen est 3 sur 7
Statistiques - réponses
Par images Réponse % Correct
Adil Rami
98%
Frédéric Antonetti
59%
Cartman
54%
Pascal Paoli
42%
Henry Padovani
11%
Bertrand Burgalat
2%
Michel Orso
1%
Aucun quiz correspondant
Distribution des résultats
% des personnes avec chaque résultat
Percentile par nombre de réponses
Votre historique - résultats
Vous n’avez pas pris ce quiz